00491nam a2200193 a 4500001001300000003000900013005001700022008004100039020000800080082001800088100002400106245002300130260005100153300000900204500003500213505001000248650001500258700002400273nice12345678IN_TiNIC20260116011640.0050524s1971 laha grp 000 0 urd  ac300a297.86bAHM43 aAhmed, Mirza Ghulam aTafseer-E-Benazeer aLahorebAhmadiyya Anjuman Ishaat-E-Islamc1971 a144p aincludes index and biblioraphy2 aIndex aAhmadiyyah1 aAhmed, Mirza Ghulam